Sports Quiz

Random Sports or MLB Quiz

Most Recent Big 4 Champion Containing Each Letter Quiz Stats

 Plays Quiz Updated Feb 3, 2019

Challenge
Share
Tweet
Embed
Score 0/25 Timer 03:00
4 Plays Today
Letter Nickname % Correct
IPatriots
91.1%
APatriots
90.6%
SPatriots
90.4%
RPatriots
89.9%
OPatriots
89.4%
TPatriots
87.9%
ERed Sox
86.2%
PPatriots
85.8%
LCapitals
84.5%
VCavaliers
84.3%
CCapitals
81.7%
WWarriors
81.3%
BCubs
81%
Letter Nickname % Correct
UPenguins
80.8%
GEagles
66.6%
NPenguins
64.5%
HBlackhawks
59.7%
KBlackhawks
59.7%
DRed Sox
58.6%
XRed Sox
58.6%
YRoyals
51.2%
MMavericks
24.4%
JBlue Jays
14.4%
FFlames
9.4%
ZTrail Blazers
9.1%

You're not logged in!

Compare scores with friends on all Sporcle quizzes.
OR
Log In

You Might Also Like...

Show Comments

Extras

Top Quizzes Today


Score Distribution

Your Account Isn't Verified!

In order to create a playlist on Sporcle, you need to verify the email address you used during registration. Go to your Sporcle Settings to finish the process.

Report this User

Report this user for behavior that violates our Community Guidelines.

Details: